[Event "FIDE World Senior Team Championship 2020"]
[Site "Olympik hotel, Sokolovska 138,"]
[Date "2020.03.06"]
[Round "1.26"]
[White "Pilar, Miloslav"]
[Black "Feierfeil, Jiri"]
[Result "1/2-1/2"]
[WhiteElo "2056"]
[BlackElo "1721"]
[PlyCount "95"]
[EventDate "2020.03.06"]
[WhiteTeam "CZE7"]
[BlackTeam "CZE16"]

1. d4 Nf6 2. Nf3 d5 3. c4 c6 4. cxd5 cxd5 5. Nc3 Nc6 6. Bf4 a6 7. e3 e6 8. Be2
Be7 9. O-O O-O 10. Rc1 h6 11. a3 Nh5 12. Bg3 Nxg3 13. hxg3 Bd7 14. Na4 b6 15.
b4 Qb8 16. Qb3 Rc8 17. Rc2 Qb7 18. Rfc1 Na7 19. Nc3 g6 20. a4 Kg7 21. b5 a5 22.
Ne1 Rc7 23. Nd3 Bd6 24. Bf3 f5 25. Nb1 Rac8 26. Rxc7 Rxc7 27. Rxc7 Qxc7 28. Qc3
Kf6 29. Qxc7 Bxc7 30. Nc3 Nc8 31. Bxd5 Bxg3 32. fxg3 exd5 33. Nxd5+ Kf7 34.
Ne5+ Ke6 35. Nf4+ Kd6 36. Nc4+ Kc7 37. Nxg6 Be6 38. Nge5 Ne7 39. Kf2 Nd5 40. g4
Nc3 41. gxf5 Bxf5 42. Nxb6 Kxb6 43. Nc4+ Kc7 44. Nxa5 Nxa4 45. Nc4 Be6 46. Ne5
Nc3 47. Kf3 Bd5+ 48. Kg4 1/2-1/2

[Event "FIDE World Senior Team Championship 2020"]
[Site "Olympik hotel, Sokolovska 138,"]
[Date "2020.03.06"]
[Round "1.26"]
[White "Kleprlik, Jan"]
[Black "Groh, Jiri"]
[Result "0-1"]
[WhiteElo "1545"]
[BlackElo "1979"]
[PlyCount "80"]
[EventDate "2020.03.06"]
[WhiteTeam "CZE16"]
[BlackTeam "CZE7"]

1. d4 d5 2. Nf3 Nf6 3. g3 e6 4. Bg2 c5 5. c3 Nc6 6. O-O Be7 7. b3 O-O 8. Bb2 b6
9. Nbd2 Bb7 10. Re1 Qc7 11. Rc1 Rad8 12. e3 e5 13. dxe5 Nxe5 14. Nxe5 Qxe5 15.
Nf3 Qb8 16. Qc2 Ne4 17. Nd2 Bf6 18. Red1 Ng5 19. Nf3 Ne6 20. a3 g6 21. Qb1 Qa8
22. Ne1 h5 23. Qc2 h4 24. Qe2 hxg3 25. hxg3 d4 26. Bxb7 Qxb7 27. exd4 cxd4 28.
cxd4 Bxd4 29. Bxd4 Nxd4 30. Qe3 Nf5 31. Qc3 Rc8 32. Qd3 Rxc1 33. Rxc1 Qe7 34.
a4 Rd8 35. Qc3 Nd4 36. Kh2 Ne2 37. Qc7 Qf6 38. Rc2 Qxf2+ 39. Ng2 Qg1+ 40. Kh3
Qh1+ 0-1

[Event "FIDE World Senior Team Championship 2020"]
[Site "Olympik hotel, Sokolovska 138,"]
[Date "2020.03.06"]
[Round "1.26"]
[White "Vanek, Petr"]
[Black "Levinsky, Ladislav"]
[Result "1-0"]
[WhiteElo "2076"]
[BlackElo "1477"]
[PlyCount "65"]
[EventDate "2020.03.06"]
[WhiteTeam "CZE7"]
[BlackTeam "CZE16"]

1. e4 c5 2. Nc3 e6 3. g3 Nc6 4. Bg2 Rb8 5. d3 Nge7 6. f4 g6 7. Nf3 Bg7 8. O-O
O-O 9. Be3 Bd4 10. Bxd4 Nxd4 11. Nxd4 cxd4 12. Ne2 Nc6 13. f5 e5 14. Qd2 d6 15.
Qh6 Qf6 16. g4 Qg7 17. Qh4 g5 18. Qf2 f6 19. c3 dxc3 20. bxc3 b6 21. Rfd1 Nd8
22. Ng3 Bb7 23. Nh5 Qf7 24. h4 h6 25. Rac1 Rc8 26. hxg5 fxg5 27. d4 Ne6 28.
dxe5 dxe5 29. Rd6 Rc6 30. Rcd1 Rxd6 31. Rxd6 Bc8 32. Qd2 Rd8 33. fxe6 1-0

[Event "FIDE World Senior Team Championship 2020"]
[Site "Olympik hotel, Sokolovska 138,"]
[Date "2020.03.06"]
[Round "1.27"]
[White "Richtrova, Eliska"]
[Black "Schiller, Dirk"]
[Result "1-0"]
[WhiteElo "2192"]
[BlackElo "1747"]
[PlyCount "67"]
[EventDate "2020.03.06"]
[WhiteTeam "CZEW1"]
[BlackTeam "GER12"]

1. e4 c5 2. Nc3 Nc6 3. g3 g6 4. Bg2 Bg7 5. d3 d6 6. Be3 Nf6 7. h3 e5 8. Qd2 Be6
9. Nge2 Nd4 10. g4 Qa5 11. f4 Nxe2 12. Nxe2 Qxd2+ 13. Kxd2 exf4 14. Nxf4 Nd7
15. c3 O-O-O 16. b3 Nb6 17. Rac1 Kd7 18. d4 cxd4 19. cxd4 f6 20. Bf3 Rc8 21. h4
Rxc1 22. Rxc1 Rc8 23. Rxc8 Nxc8 24. h5 g5 25. Ne2 b6 26. d5 Bf7 27. Nd4 Bf8 28.
Be2 Ne7 29. Bb5+ Kc7 30. a4 a5 31. Bf2 Kd8 32. Bc4 Nc8 33. Ba6 Na7 34. Nf5 1-0

[Event "FIDE World Senior Team Championship 2020"]
[Site "Olympik hotel, Sokolovska 138,"]
[Date "2020.03.06"]
[Round "1.27"]
[White "Nowack, Achim"]
[Black "Kubikova, Hana"]
[Result "1/2-1/2"]
[WhiteElo "1725"]
[BlackElo "2064"]
[PlyCount "99"]
[EventDate "2020.03.06"]
[WhiteTeam "GER12"]
[BlackTeam "CZEW1"]

1. e4 c5 2. d3 Nc6 3. Nf3 d6 4. g3 g6 5. Bg2 Bg7 6. Nbd2 Nf6 7. O-O O-O 8. Re1
e5 9. Nf1 h6 10. Ne3 Be6 11. Bd2 Qd7 12. c3 Rac8 13. c4 Nd4 14. Nxd4 cxd4 15.
Nd5 Ne8 16. b4 Kh7 17. a4 f5 18. b5 Qf7 19. Rf1 fxe4 20. Bxe4 Bh3 21. Qe2 Bxf1
22. Rxf1 Nc7 23. h4 Kh8 24. Bb4 Qe6 25. Kg2 b6 26. Nxc7 Rxc7 27. a5 h5 28. Bd5
Qf6 29. a6 Bh6 30. Be4 Kg7 31. Bd5 Rd7 32. Ba3 Rfd8 33. Bb4 Qf5 34. Be4 Qf7 35.
Bd5 Qf6 36. Be4 Rf7 37. Bd5 Re7 38. Be4 Kh8 39. Bd5 Rg7 40. Rh1 Rf8 41. Rf1 Qe7
42. Be4 Rf6 43. Rh1 Rgf7 44. Rf1 Be3 45. f3 Kg7 46. Bd2 Bxd2 47. Qxd2 Rf8 48.
Qg5 Re6 49. Qd2 Ref6 50. Qg5 1/2-1/2

[Event "FIDE World Senior Team Championship 2020"]
[Site "Olympik hotel, Sokolovska 138,"]
[Date "2020.03.06"]
[Round "1.27"]
[White "Svobodova, Michaela"]
[Black "Berber, Theodor"]
[Result "1-0"]
[WhiteElo "1988"]
[BlackElo "1586"]
[PlyCount "99"]
[EventDate "2020.03.06"]
[WhiteTeam "CZEW1"]
[BlackTeam "GER12"]

1. e4 d5 2. exd5 Qxd5 3. Nc3 Qd8 4. d4 c6 5. Nf3 Nf6 6. Bc4 Bf5 7. Ne5 e6 8. g4
Bg6 9. h4 Bb4 10. f3 Nd5 11. Bd2 f6 12. Nxg6 hxg6 13. Qe2 Qd6 14. O-O-O Nd7 15.
Bxd5 cxd5 16. Nb5 Bxd2+ 17. Rxd2 Qc6 18. Qd3 Nf8 19. Rdh2 a6 20. Nc3 O-O-O 21.
g5 f5 22. Ne2 Qc4 23. Qxc4+ dxc4 24. Kd2 e5 25. Kc3 exd4+ 26. Kxc4 Ne6 27. a4
b6 28. b4 Rd7 29. f4 Rhd8 30. Rd1 Kc7 31. h5 gxh5 32. Rxh5 Kc6 33. Rhh1 b5+ 34.
axb5+ axb5+ 35. Kd3 Ra8 36. Ra1 Ra4 37. Rhb1 Kb6 38. Kd2 Rda7 39. Rxa4 bxa4 40.
Kd3 Rd7 41. Kc4 Ra7 42. Nxd4 Nxd4 43. Kxd4 Re7 44. c4 Re4+ 45. Kd5 Rxf4 46. b5
Rf3 47. c5+ Kb7 48. b6 Rc3 49. Re1 a3 50. Re7+ 1-0

[Event "FIDE World Senior Team Championship 2020"]
[Site "Olympik hotel, Sokolovska 138,"]
[Date "2020.03.06"]
[Round "1.27"]
[White "Dusper, Zdravko"]
[Black "Cejkova, Miroslava"]
[Result "0-1"]
[WhiteElo "1490"]
[BlackElo "1998"]
[PlyCount "54"]
[EventDate "2020.03.06"]
[WhiteTeam "GER12"]
[BlackTeam "CZEW1"]

1. e4 e5 2. Nf3 d6 3. d3 Nc6 4. Be3 f5 5. exf5 Bxf5 6. Nfd2 Nf6 7. h3 d5 8. Nf3
Bd6 9. Be2 O-O 10. O-O Ne7 11. c3 Ng6 12. Re1 b6 13. Bg5 h6 14. Bc1 c6 15. Bf1
Qc7 16. Kh1 Rae8 17. a4 e4 18. dxe4 Bxe4 19. Nbd2 Qf7 20. c4 Bc5 21. Kg1 Ne5
22. cxd5 cxd5 23. Be2 Nxf3+ 24. Nxf3 Nh5 25. Kf1 Nf4 26. Be3 Bxe3 27. fxe3 Nxh3
0-1